Atatürk'ün nöbet defteri, (Record no. 13469)

MARC details
000 -BAŞLIK
Sabit Uzunlukta Kontrol Alanı 00746nam a22002057a 4500
999 ## - SİSTEM KONTROL NUMARALARI (KOHA)
Koha Biblionumber 13469
Koha Biblioitemnumber 13469
003 - KONTROL NUMARASI IDENTIFIER
Denetim Alanı MIRAKIL
005 - SON İŞLEM TARİHİ VE ZAMANI
Denetim Alanı 20190829120500.0
008 - SABİT-BOY VERİ ELEMANLARI - GENEL BİLGİLER
Sabit Uzunlukta Kontrol Alanı 190829b tu ||||| |||| 00| 0 tur d
020 ## - ULUSLARARASI STANDART KİTAP NUMARASI
Uluslararası Standart Kitap Numarası 9786051364315
040 ## - KATALOGLAMA KAYNAK
Orijinal Kataloglama Ajansı TR-AnCHP
Metne Dönüştürmek Ajansı TR-AnCHP
041 ## - DİL KODU
Metin / Ses Parça Veya Ayrı Başlığın Dil Kodu tur
082 ## - DEWEY ONLU SINIFLANDIRMA NUMARASI
Sınıflandırma Numarası ATA 923.156
Ürün Numarası A72 2019
245 10 - BAŞLIK TABLOSU
Başlık Atatürk'ün nöbet defteri,
Başlığın Kalan 1931-1938 /
Sorumluluk Tablosu, Vb Toplayan: Özel Şahingiray.
260 ## - YAYIN, DAĞITIM, VB
Yayın, Dağıtım, Vb Yeri Ankara:
Yayıncı, Dağıtıcı, Vs Adı Ankara Üniversitesi yayınları,
Yayın, Dağıtım, Vb Tarihi 2019.
Üretici Firma Ankara Üniversitesi Basımevi.
300 ## - FİZİKSEL TANIM
Kapsam 750 s.:
Boyutlar 24 sm.
490 0# - SERİSİ TABLOSU
Seri Beyanı Ankara Üniversitesi yayınları;
-- Türk İnkılap Tarihi Enstitüsü yayınları;
Hacim / Ardışık Tanımı 636.
-- 58.
600 14 - KONU KATMA GİRİŞ - KURUMSAL ADI
9 (RLIN) 1465
Kişisel Ad Atatürk, Gazi Mustafa Kemal
Bir Adıyla İlişkilendirilen Tarihler 1881-1938
700 ## - KATMA GİRİŞ - KİŞİSEL İSİM
9 (RLIN) 5956
Kişisel Ad Şahingiray, Özel
Relator Terim der.
942 ## - EKLENDİ GİRİŞ ELEMANLARI (KOHA)
Sınıflandırma Veya Raf Düzeni Kaynak Dewey Decimal Classification
Koha Öğesi Türü Books
Holdings
Kalıcı Konum Mevcut Konum Edinme Tarihi Edinim Kaynak Toplam Check-Out'Lar Tam Çağrı Numarası Barkod Tarih Son Görülme İtibaren Geçerli Fiyatlar Koha Öğesi Türü
CHP Kütüphanesi CHP Kütüphanesi 08/29/2019 Bağış   ATA 923.156 A72 2019 011923 08/29/2019 08/29/2019 Books